000 00493nam a22001577a 4500
005 20251108165312.0
008 250721s1992 xx 000 0 ara d
082 1 4 _a632/أسا
245 1 0 _aأساسيات وقاية المزروعات /
264 1 _aالرياض :
_bجامعة الملك سعود - عمادة شؤون المكتبات،
_c1992.
300 _a413ص
650 1 7 _aأمراض النبات
650 1 7 _aالآفات الزراعية
942 _2ddc
_cBK
999 _c24576
_d24576